000 00395nam a2200145Ia 4500
008 210210b1977 xxu||||| |||| 00| 0 eng d
082 _a503 MCGR
100 _aMcGRAW-HILL
245 _aYear book of science and technology.1977
260 _aLondon
_bMcGraw Hill Co.
_c1977
300 _ax,453
650 _aYear Book 1977 Science and Technology
690 _aPure Sciences
906 _aSG01741
999 _c113043
_d113043